01127nam a2200289 a 4500001001000000003000900010005001700019007001000036008004100046020001500087040002200102092001500124100001900139245007800158246003800236250001300274260004100287300002800328534007700356942001200433945003600445952010100481952010400582952009800686956003800784999001500822000017024DO-SdBNP20171017114822.0000017024100316s2010 dr a 000 0 spa d a9945160141 aBPMSUbspacBPMSU axxxbS684e1 aSolano, Miguel10aExplorando la imaginación infantil =bExploring Children's imagination. aExploring Children's imagination. a2da. ed. aSanto Domingo :bEdiciones Aqic2006 a45 p. :bil. ;c26 cm. aVersión en inglés: Amy Harrison, Georgetown University, Washintog Dc 2ddccBK aInventariado infantil / 2017 VM 00102ddc40708CI-DaBPMETbBPMETd2015-02-03l0pBPMSU15041011r2015-02-03t w2015-02-03yBK 00102ddc40708CI-DaBPMETbBPMETd2015-02-03l0pBPMSU15041012r2015-02-03te. 2w2015-02-03yBK 00102ddc4070aBPMETbBPMETd2015-02-03l0pBPMSU15041013r2015-02-03te. 3w2015-02-03yBK aVMATEOb10c20150203lBPMSUh0069 c7321d7321